Nezdravá spoločnosť príliš otvorené príjmové nožnice poškodzujú spotrebu a ekonomiku

Prístup charakterizovaný ľahostajnosťou k distribúcii príjmov vytvára hospodársky rast bez konca, pri ktorom sa budú bohatí ostatným neustále vzďaľovať. Morálny a praktický pohľad na fungujúcu ekonomiku, ktorá potrebuje politickú stabilitu.

Uložené v:
Podrobná bibliografia
Hlavný autor: Skidelsky, Robert
Médium: Kapitola
Jazyk:Slovak
Predmet:
Tagy: Pridať tag
Žiadne tagy, Buďte prvý, kto otaguje tento záznam!

MARC

LEADER 00000naa$a2200000$$$4500
001 0162265
005 20220725111520.2
041 0 |a slo 
044 |a SK 
245 1 0 |a Nezdravá spoločnosť  |b príliš otvorené príjmové nožnice poškodzujú spotrebu a ekonomiku  |c Robert Skidelsky 
520 |a Prístup charakterizovaný ľahostajnosťou k distribúcii príjmov vytvára hospodársky rast bez konca, pri ktorom sa budú bohatí ostatným neustále vzďaľovať. Morálny a praktický pohľad na fungujúcu ekonomiku, ktorá potrebuje politickú stabilitu. 
610 2 0 |a situácia hospodárska 
610 2 0 |a rast hospodársky 
610 2 0 |a stabilita politická 
610 2 0 |a globalizácia hospodárstva 
610 2 0 |a úroveň rozvoja hospodárskeho 
100 1 |a Skidelsky, Robert